[Event "Roma op"]
[Site "?"]
[Date "1990.??.??"]
[Round "?"]
[White "Bronstein, D."]
[Black "Pangrazzi, M."]
[Result "1-0"]
[WhiteElo "2445"]
[BlackElo "2260"]
[PlyCount "37"]
[EventDate "1990.??.??"]

1. d4 Nf6 2. c4 e5 3. dxe5 Ng4 4. Bf4 g5
{Outra forma de recuperar o peao mas
que debilita muito a estrutura de peoes das negras}
5. Bd2 Nxe5 6. Bc3
{
Bronstein direciona imediatamente suas peCas para a ala do rei} 6... Bg7
7. e3 g4 8. Ne2 d6 9. Nf4 Nbc6 10. Nh5 Bh6 11. Nd2 Bf5 12. Ng3 Qd7
{As negras deviam
humildemente retornar com o Bf5 para d7 mas acham que fazendo o roque grande
as debilidades  da ala do rei nao terao muita importancia ja que o rei esta a
salvo na outra ala. Mas so o rei.}
13. h3 $1 {Atacando na ala fraca.} 13... O-O-O $2
{A cravada na grande diagonal a1/h8 e o ataque a descoberto na coluna
'h' dao vantagem as brancas}
14. Nxf5 Qxf5 15. hxg4 Nxg4 $2
{Leva a uma
a derrota. 15...Dg6 16. Be2 as brancas tinham vantagem mas o jogo continuava}
16. Qf3 Qd7 (16... Qxf3 $2 17. gxf3 {as negras tem 3 peCas atacadas}) 17. Rxh6
Nxh6 18. Bxh8 Rxh8 19. Qf6
{
Este ataque duplo ganha mais uma peCa e obriga as negras a abandonar.} 1-0

[Event "Gausdal Int"]
[Site "?"]
[Date "1992.??.??"]
[Round "?"]
[White "Fries Nielsen, JO."]
[Black "Svidler, P."]
[Result "0-1"]
[WhiteElo "2385"]
[BlackElo "2455"]
[PlyCount "64"]
[EventDate "1992.??.??"]

1. d4 Nf6 2. c4 e5 3. dxe5 Ng4 4. Nf3
{
Este lance causa menos problemas para as negras do que 4...Bf4} 4... Bc5
{
O ataque a f2 obriga e3 e o Bc1 fica impedido de auxiliar na defesa de e5}
5. e3 Nc6 6. Nc3 O-O 7. Be2 Ncxe5 8. Nxe5 Nxe5 9. O-O Re8 10. Kh1 a5
{
Este lance tem uma original ideia} 11. a3 Ra6 $5
{
Svidler pretende atacar a ala do rei branca} 12. f4 Rd6 13. Qc2 Nc6 14. Ne4
Rh6 15. Bf3 (15. Nxc5 {As negras teriam que suportar um violento ataque}
15... Qh4 16. h3 d6 17. Ne4 Bxh3 18. Kg1 (18. g3 Qe7 19. Kg1 Bxf1 $19)
18... Bxg2 $19) 15... Ba7 (15... Qh4 16. g3 Qh3 17. Qg2 $11 (17. Nxc5 $4 Qxf1#))
16. c5 d5 17. cxd6 cxd6 18. Ng5 d5 19. Qd3 Ne7
{
Nielsen conseguiu ate neutralizar o ataque das negras} 20. e4 $2
{Svidler receb
e uma ajuda de seu adversario. As peCas negras estao mais desenvolvidas e mais
ativas e e claro que abrir a posiCao vai favorecer a elas}
20... dxe4 21. Qxd8 Rxd8 22. Bxe4 Nf5 23. Bxf5 Bxf5 24. h3 Rc6
{As brancas acharam que reduzindo o
material equilibrariam as coisas, mas as peCas de Svidler estao muito masi
ativas}
25. Nf3 Rc2 26. Bd2
{Sob pressao as brancas erram e Svidler ganha com
facilidade. 26.b4 as negras manteriam a vantagem}
26... Rcxd2 27. Nxd2 Rxd2 28. Rad1 Rxd1 29. Rxd1 Bb6
{O par de bispos e muito mais forte que atorre} 30. Rd5 Be4 31. Rb5 Bc7 32. Rc5
Bc6 0-1

[Event "Monaco Amber rapid"]
[Site "?"]
[Date "1994.??.??"]
[Round "?"]
[White "Kortschnoj, V."]
[Black "Piket, J."]
[Result "1-0"]
[WhiteElo "2615"]
[BlackElo "2605"]
[PlyCount "119"]
[EventDate "1994.??.??"]

1. d4 Nf6 2. c4 e5 3. dxe5 Ng4 4. Bf4 Nc6 5. Nf3 Bb4+ 6. Nbd2 Qe7
{
Esta e a linha pricipal do Gambito Budapest} 7. e3 (7. a3 Ngxe5 8. Nxe5
{
8.axb4? Cd3#} 8... Nxe5 {e necessario 9.e3} 9. axb4 $4
{
Caindo na cilada caracteristica desta abertura} 9... Nd3#) 7... Ngxe5
8. Nxe5 Nxe5 9. Be2 O-O 10. O-O d6 11. Nb3 b6 12. Nd4 a5 13. a3 Bc5 14. Re1 a4
15. Nb5 Bb7 {as negras conseguem uma partida equilibrada.} 16. Nc3 Bc6 17. Nd5
Qd7 18. Nb4 Rfe8 19. Nxc6 Qxc6 20. Qc2 Re6 21. Bg3 h6 22. Kh1 Qe8 23. Rad1 Ra5
24. Rd5 Nd7 25. Bg4 Re7 26. Bh4 Re5 27. Red1 Rxd5 28. Rxd5 Ne5 29. Be2 Ng6
30. Bg3 Qe6 31. Rd1 Qf6 32. Bf3 Ne7 33. Be4 h5 34. h4 g6 35. Bd3 Nc6 36. Be4
Ne7 37. Kg1 Qe6 38. Bf4 b5 39. Qd2 Ra7 40. Bd5 Nxd5 41. cxd5 Qe4 42. Kh2 b4
43. f3 Qc4 44. e4 bxa3 45. bxa3 Rb7 46. Bg5 Rb3 47. Qf4 Bd4 48. Bf6 Bxf6
49. Qxf6 Qc2 $2
{
PIket se defendeu bem das investidas de Korchnoi e como esta e uma partida de
tempo rapido escolhe o plano errado. 49...Txa3 criando o perigoso peao passado
a4 era melhor} (
49... Rxa3 50. Rb1 (50. e5 dxe5 51. Qxe5) 50... Rb3 51. Re1 Qc3
{com vantagem das negras}) 50. Rd4 Rb2 51. Qg5 Kg7 52. e5 $1
{Torre e dama
negros estao no ataque. A Dg5 defende g2, mas o rei negro esta sozinho}
52... dxe5 53. Qxe5+ Kh7 54. Qg5 Qc3 $2 {Este erro leva a uma imediata derrota} (
54... f6 55. Qg3 Rb1 56. Re4 Qc1 57. Qf4 Qxf4+ 58. Rxf4 Rb5 59. Rxf6 Rxd5
60. Rf4 Ra5 61. Rf7+ Kh6 62. Rxc7 {as brancas tem um final superior}) 55. Rf4
Kg7 56. Qe7 Rb8 57. Rxf7+ Kg8 58. Qe6 Kh8 59. Qxg6 Qe5+ 60. f4 1-0

[Event "Budapest FS08 GM"]
[Site "?"]
[Date "1997.??.??"]
[Round "?"]
[White "Mikhalevski, Alexander"]
[Black "Arnold, Lothar"]
[Result "1-0"]
[WhiteElo "2470"]
[BlackElo "2350"]
[Annotator "Mikhalevski,V"]
[PlyCount "95"]
[EventDate "1997.??.??"]

1. d4 Nf6 2. c4 e5 3. dxe5 Ne4 $6 (3... Ng4 {E mais comum}) 4. Nf3 (4. Nd2 Bb4
5. Qc2 (5. a3 Qh4 6. g3 Bxd2+ (6... Nxd2 $2 7. axb4 Qe4 8. f3) 7. Bxd2 Qe7 $13)
5... d5 6. exd6 Bf5 $13
{
Leva a uma linha que as negras tem uma perigosa iniciativa em troca d eum peao})
4... Nc6 5. Nbd2 Bb4 6. a3 Nxd2 (6... Bxd2+ 7. Nxd2 $1 (7. Bxd2 $5 Nxd2 8. Qxd2
Qe7 9. Qc3 O-O 10. Rd1 Re8 11. Rd5 $16 {Smyslov,V-Steiner,H}) 7... Nxd2 8. Bxd2
Nxe5 9. Bc3 $16 {Zilberman-Krutihin,SSSR1975}) 7. axb4 $5
{
O par de bispos da vantagem as brancas} 7... Nxf3+ 8. exf3 Qe7 (8... Nxe5
9. f4 $16) 9. f4 Nxb4 (9... Qxb4+ $142 10. Qd2 d6 11. exd6 cxd6 12. Bd3)
10. Be2 O-O 11. O-O $16 f6 12. Bd2 $5 (12. c5 $5 {Era mais energico} 12... Qxc5 (
12... Nc6 13. b4 $1 fxe5 14. b5 $1 Nd4 15. Bc4+ Kh8 16. fxe5 Qxe5 $2 17. Bb2
Nf3+ 18. Qxf3 $1 $18) 13. Be3 Qe7 (13... Qd5 14. Qc1 $1 $18) (13... Qc2)
14. Rc1 b6 $8 15. Rxc7) 12... Nc6 13. Bc3 fxe5 14. Qd5+ (14. fxe5 $5 Nxe5
15. Qd5+ Nf7 16. Rae1 $1 Qg5 17. Qd4 $40 {/\f4}) 14... Kh8 15. fxe5 d6 16. exd6
$1 Qxe2 17. d7 (17. Qg5 $6 Qg4 $8 18. Bxg7+ Kg8 19. Qxg4 Bxg4 20. Bxf8 Kxf8
21. dxc7 Rc8 $14) 17... Qg4 18. Rad1 $1 Rd8 19. h3 (19. Qf7 $1 Bxd7 20. f3 $1
Be6 (20... Qg5 21. Rxd7 Rxd7 22. Qxd7 Qc5+ 23. Kh1 $16 Ne5 (23... Qe7 24. Qxe7
Nxe7 25. Rd1) 24. Qf5 Qxc4 25. Rc1 $1 Re8 26. Re1 $1 $18) 21. Rxd8+ $1 (
21. fxg4 $4 Bxf7 22. Rxd8+ Nxd8 $1 $19) 21... Rxd8 22. fxg4 Bxf7 23. Rxf7)
19... Qg6 (19... Qxd7 20. Qg5 $1 h6 $5 21. Qxh6+ (21. Qh4 $18 Qf7 (21... Qxd1
$2 22. Qxh6+ Kg8 23. Qxg7#) 22. Rxd8+ Nxd8 23. Qxd8+ Qg8 (23... Kh7 $2 24. Re1
$18) 24. Qxc7 $18 Be6 25. Re1) (21. Qg6 $2 Qe7 22. Rxd8+ Nxd8 23. Re1 Be6 $19 (
23... Ne6 $2 24. f4) 24. f4 Qf7) (21. Bxg7+ Qxg7 22. Rxd8+ Nxd8 23. Qxd8+ Qg8 (
23... Kh7 $2 24. Re1 Bxh3 25. Qd3+) 24. Qf6+ Qg7 (24... Kh7 $2 25. Re1 $18)
25. Qd8+ $11) 21... Kg8 22. Qg5 $18) 20. dxc8=Q Raxc8 21. Qb5 $1 b6 22. Rd5 h6
23. Rfd1 (23. f4 $1 $18) 23... Rd6
{as negras estavam em pior situaCao, mas com este lance as brancas
levam a um final superior}
24. Rxd6 cxd6 25. Qd5 Kh7 $1 26. Qxd6 (26. f4 $1) 26... Rd8 27. Qxg6+ Kxg6
28. Rxd8 Nxd8
{O final esta perdido para as negras. O
peao de vantagem e o bom posicionamento das peCas negras garantem a vantagem.}
29. Kf1 Ne6 30. Ke2 Kf5 31. Kf3 Ng5+ 32. Ke3 g6 33. f4 Nf7 34. g4+ Ke6 35. Bb4 (
35. Bg7 $5 h5 36. f5+ gxf5 37. gxh5 Nd6 38. h6 Kf7 39. Kd4 {as brancas ganham})
35... h5 $1 36. Bf8 $1 (36. Ke4 hxg4 37. hxg4 Nh6) 36... hxg4 37. hxg4 a6
38. Ke4 Nd8 39. Bb4 $1 Nf7 40. f5+ gxf5+ 41. gxf5+ Kd7 42. Kd5 Nd8 43. f6 Nf7
44. Bc3 Nd8 45. Bd4 b5 46. cxb5 (46. c5 Nc6 47. Bc3 $1 b4 48. f7 $1 Ne7+
49. Ke4 Ng6 50. c6+ $18) 46... axb5 47. Bc5 $1 Nf7 48. Be7 $1 1-0

[Event "8th Amber Blindfold, Monte Carlo MNC"]
[Site "?"]
[Date "1999.??.??"]
[Round "?"]
[White "Ljubojevic, L."]
[Black "Ivanchuk, V."]
[Result "1/2-1/2"]
[WhiteElo "2570"]
[BlackElo "2710"]
[PlyCount "50"]
[EventDate "1999.??.??"]

1. d4 Nf6 2. c4 e5 3. dxe5 Ng4 4. Nf3 Nc6 5. Bf4 Bb4+ 6. Nc3
{
6.Cbd2 vimos na partida Karpov x Short} 6... Bxc3+ 7. bxc3
{as brancas
m a estrtura de peoes das brancas como compensaCao da perda do par de bispos}
7... Qe7 8. Qd5 f6
{O lance mais 'de acordo' com o espirito de um Gambito. As
negras mantem o sacrificio do peao e ativam suas peCas} (
8... Qa3 9. Qd2 Qe7 10. Rd1 $11 {10.Dd5}) 9. exf6 Nxf6 10. Qd3 d6 11. g3 b6
12. Bg2 Bb7 13. O-O Na5 14. Nd4 Bxg2 15. Kxg2 O-O
{Ivanchuk tem a coluna semi-aberta 'f'  e as brancas
tem os peoes c2-c3 isolados, isto e compensaCao suficiente pelo peao}
16. Bg5 Rae8 17. Rae1 Qf7 18. Bxf6 gxf6
{
Ivanchuk mantem a Dama em f7 para recuperar o peao em c4} 19. e4 Qxc4
20. Qd2 Nb7 21. Re3 Nc5
{
A posiCao e muito equilibrada e depois de alguns lances acordaram o empate}
22. Rfe1 a5 23. h4 a4 24. Qe2 Qxe2 25. R1xe2 Kf7 1/2-1/2

[Event "It, Pamplona ESP"]
[Site "?"]
[Date "1999.??.??"]
[Round "?"]
[White "Lautier, J."]
[Black "Illescas Cordoba, M."]
[Result "1-0"]
[WhiteElo "2635"]
[BlackElo "2600"]
[PlyCount "117"]
[EventDate "1999.??.??"]

1. d4 Nf6 2. c4 e5 3. dxe5 Ng4 4. Nf3
{Com este lance as brancas nao importam
em manter o peao e pretendem ganhar a iniciativa completando o desenvolvimento
mais rapido.}
4... Bc5 5. e3 Nc6 6. a3
{Outro plano para as brancas e jogar 6.
Cc3 e depois da futura troca Cxe5 tentar conseguir espaCo central com o avanCo
dos peoes e3 e f2 como em Beliavsky x Mohr nas partidas comentadas.}
6... a5
{
Interessante ideia que freia o avanCo de peoes brancos na ala da dama e
permite passar a Ta8 para a ala do rei viaa6}
7. b3 O-O 8. Bb2 (8. Qd5 Qe7 9. Bb2 Re8 10. Nbd2 Ncxe5 11. Ne4 d6 12. Nxc5 dxc5
13. Nxe5 Nxe5
{com ligeira
vantagem das brancas pelo par de bispos e maioria de peoes na ala do rei.})
8... Re8 9. Nc3 Ncxe5 10. Nxe5 Nxe5 11. Be2 Ra6
{
Illescas pretende passar a torre a h6 para atacar o roque branco} 12. Nd5
Rh6 13. Qc2 c6 14. Nf4 Bf8 15. h3 Ng6 16. Nh5 Qg5 17. g4
{Lautier ve o perigo das
peCas negras 'amontoadas' na ala do rei e decide rocar para a ala dama}
17... Qh4 18. Ng3 d5 19. O-O-O Ne5 20. Kb1 (20. cxd5 cxd5 21. Bb5 Nc6 22. Rxd5
{
As brancas ganham um peao mas tem seu rei exposto ao abrir o centro})
20... a4 21. b4 {Lautier se esforCa para deixar a posiCao fechada.} 21... Nxc4
22. Bxc4 dxc4 23. Qxc4 Be6 24. Qf4
{Nesta posiCao as chances sao iguais. As negras
devem promover um reagrupamento de peCas visando ativar sua dama e Th6.}
24... Rg6 25. e4 c5 26. b5 c4 27. Nf5 Bxf5 28. exf5 Rb6 29. Qxc4 Qxf2 30. Rd7
Re7 31. Rhd1 Rxd7 $2
{Illescas se precipita na troca e permite que Lautir ganhe a
iniciativa ao impedir que a Tb6 entre em jogo} (
31... Qe2 32. Qxe2 $11 Rxe2 33. R1d5 Re3 34. h4 Rb3) 32. Rxd7 Qe1+ 33. Ka2 Qe8
{unica} (33... Rh6 $4 34. Qxf7+ {e mate na proxima}) 34. Qd4 Rxb5 (34... Rf6
35. Rd8 Qe7 36. g5 $18) 35. Rd8 Rxb2+ 36. Kxb2
{Lautier tem vantagem de uma qualidade (torre por bispo) e
consegue realizar sua vantagem depois de longa luta porque tem seu trabalho
dificultado pela situaCao exposta de seu rei.}
36... Qe2+ 37. Qd2 Qb5+ 38. Ka1 Qf1+ 39. Qd1
{nao tendo como se livrar dosm xeques, Lautier entrega um peao e
permite a troca de damas para continuar com chances de vitoria}
39... Qxd1+ 40. Rxd1 Bxa3 41. Rd8+ Bf8 42. g5 $1
{Lautier vai impedir que o rei das negras se
ative quando estas teriam grandes chances de empate pois capturar os 3 peoes
brancos levaria a uma posiCao de empate teorico com torre contra bispo.}
42... f6 43. g6 hxg6 44. fxg6
{Lautier impede que o rei e bispo negro se libertem e
Illescas estara perdido quando acabar seus lances de peoes}
44... b5 45. Rd5 b4 46. Ra5 a3 47. Ka2 Be7 48. Ra8+ Bf8 49. Ra5 Be7 50. Kb3 Bd6
51. h4 Be7 52. h5 Bd6 53. Ra8+ Bf8 54. Rc8 f5
{sem lances Illescas tem que avanCar seu peao 'f'
que sera facilmente capturado pela torre branca}
55. Rd8 f4 56. Rd4 Be7 57. Rxf4 Bd6 58. Rd4 Be7 59. Rc4
{Nao ha como Illescas escapar do Mate. Depois de
Tc8+ Bf8 as negras deveram jogar ...Rh8 quando acabar os lances de peao e
levaram Mate}
1-0